Southville International School and Colleges
Your cart is empty.
  • Cart
  • Lists
    Public lists Eva Luna New books Lux_list list_1
    Your lists Log in to create your own lists
  • Log in to your account
  • Your cookies
  • Search history
Southville International School and Colleges
  • Advanced search
  • Recent comments
  • Most popular
  • Libraries

Log in to your account

Log in with GOOGLE


If you do not have an external account, but do have a local account, you can still log in:

  1. Home
  2. MARC view: Beginning business law /
Normal view MARC view ISBD view

Beginning business law / (Record no. 288912)

[ view plain ]
MARC details
000 -LEADER
fixed length control field 01290cam a2200349 i 4500
001 - CONTROL NUMBER
control field 18265905
003 - CONTROL NUMBER IDENTIFIER
control field PILC
005 - DATE AND TIME OF LATEST TRANSACTION
control field 20151105112621.0
008 - FIXED-LENGTH DATA ELEMENTS--GENERAL INFORMATION
fixed length control field 140813s2015 enka b 001 0 eng
010 ## - LIBRARY OF CONGRESS CONTROL NUMBER
LC control number 2014032641
020 ## - INTERNATIONAL STANDARD BOOK NUMBER
International Standard Book Number 9781138779860 (hbk)
020 ## - INTERNATIONAL STANDARD BOOK NUMBER
International Standard Book Number 1138779865 (hbk)
020 ## - INTERNATIONAL STANDARD BOOK NUMBER
International Standard Book Number 9781138779877 (pbk)
020 ## - INTERNATIONAL STANDARD BOOK NUMBER
International Standard Book Number 1138779873 (pbk)
020 ## - INTERNATIONAL STANDARD BOOK NUMBER
Cancelled/invalid ISBN 9781315770994 (ebk)
020 ## - INTERNATIONAL STANDARD BOOK NUMBER
Cancelled/invalid ISBN 1315770997 (ebk)
040 ## - CATALOGING SOURCE
Original cataloging agency DLC
Language of cataloging eng
Transcribing agency DLC
Description conventions rda
042 ## - AUTHENTICATION CODE
Authentication code pcc
043 ## - GEOGRAPHIC AREA CODE
Geographic area code e-uk-en
050 00 - LIBRARY OF CONGRESS CALL NUMBER
Classification number KD 1629.6
Item number .M66 2015
082 00 - DEWEY DECIMAL CLASSIFICATION NUMBER
Classification number 346.4207
100 1# - MAIN ENTRY--PERSONAL NAME
Personal name Monaghan, Christopher,
Relator term author.
245 10 - TITLE STATEMENT
Title Beginning business law /
Statement of responsibility, etc Chris Monaghan.
260 ## - PUBLICATION, DISTRIBUTION, ETC. (IMPRINT)
Place of publication, distribution, etc London :
Name of publisher, distributor, etc Routledge,
Date of publication, distribution, etc 2015.
300 ## - PHYSICAL DESCRIPTION
Extent xx, 189 pages :
Other physical details color illustrations ;
Dimensions 25 cm
500 ## - GENERAL NOTE
General note Includes bibliographical references and index.
505 0# - FORMATTED CONTENTS NOTE
Formatted contents note Introduction to business law -- The English legal system -- Contract law -- Contracts for the sale of goods -- Tort law -- The law of agency -- Employment law -- Unincorporated businesses -- Incorporated businesses.
650 #0 - SUBJECT ADDED ENTRY--TOPICAL TERM
Topical term or geographic name as entry element Commercial law
Geographic subdivision England.
906 ## - LOCAL DATA ELEMENT F, LDF (RLIN)
a 7
b cbc
c orignew
d 1
e ecip
f 20
g y-gencatlg
942 ## - ADDED ENTRY ELEMENTS (KOHA)
Source of classification or shelving scheme Library of Congress Classification
Koha item type Books
Call number prefix Foreign
Holdings
Withdrawn status Lost status Source of classification or shelving scheme Damaged status Home library Current library Shelving location Date acquired Source of acquisition Sub Shelving location Total Checkouts Full call number Barcode Date last seen Price effective from Koha item type
    Library of Congress Classification   College Library College Library Reserve Section 11/05/2015 Library Fund     KD 1629.6 .M66 2015 C20241 05/15/2018 11/05/2015 Books

Beginning business law /

APA

Monaghan C., . (2015). Beginning business law. London: Routledge.

Chicago

Monaghan Christopher, . 2015. Beginning business law. London: Routledge.

Harvard

Monaghan C., . (2015). Beginning business law. London: Routledge.

MLA

Monaghan Christopher, . Beginning business law. London: Routledge. 2015.

  • Place hold
  • Print
  • Cite
  • Add to your cart (remove)
  • Save record
    BIBTEX Dublin Core MARCXML MARC (non-Unicode/MARC-8) MARC (Unicode/UTF-8) MARC (Unicode/UTF-8, Standard) MODS (XML) RIS
  • More searches
    Search for this title in:
    Other Libraries (WorldCat) Other Databases (Google Scholar) Online Stores (Bookfinder.com) Open Library (openlibrary.org)

Exporting to Dublin Core...

SOUTHVILLE LIBRARY

Southville International School and Colleges Library

1281 Tropical Ave. Cor. Luxembourg St., BF Homes International, Las Pinas City

Tel. No. 8256374 / 252358 Loc. 117/146

Powered by Koha